| 000 | 00870nam a2200277Ia 4500 | ||
|---|---|---|---|
| 003 | OSt | ||
| 005 | 20221005102312.0 | ||
| 006 | a|||||r|||| 00| 0 | ||
| 007 | ta | ||
| 008 | 221004b |||||||| |||| 00| 0 eng d | ||
| 024 | _a20977 | ||
| 037 | _cTextual | ||
| 040 |
_aCRL _cCRL _beng |
||
| 041 |
_2eng _aeng |
||
| 082 | _aa12-315,12,N91, M5.4-.5 (BB) | ||
| 100 |
_aGosvami V B Co. _9623066 |
||
| 245 | 0 | _aCatalogue of Sanskrit manuscripts in the Vrindaban research institute | |
| 260 |
_aVrindaban _bVrindaban Research Institute India _c1991 |
||
| 300 |
_a704 p. _ccm. |
||
| 650 | _a BIBLIOGRAPHY | ||
| 650 |
_aLIBRARY CATALOGUE _9551085 |
||
| 700 | _a Gupta R D Ed. | ||
| 700 | _a Sharma R C Ed | ||
| 942 |
_ha12-315,12,N91, M5.4-.5 (BB) _cTEXL _2cc |
||
| 999 |
_c1008212 _d1008212 |
||